000 00771nam a2200217 a 4500
001 BRCA_8216
005 20190320210200.0
008 190514s1912----mx-d###f##---#001-0#spa-#
041 _aspa
044 _amx
050 4 _aHJ800
_b.S4 1912
245 1 0 _aIniciativa de presupuestos para el año económico de 1913-1914
_cSecretaría de Estado y del despacho de Hacienda y Crédito Público Sección 3ª.
260 _aMéxico
_bPalacio Nacional
_c1912
300 _a124 p.
_bil., tablas
_c30 cm.
500 _aU123
650 1 4 _aPresupuesto federal
_y1913-1914
_zMéxico
_920482
650 1 4 _aFinanzas
_vAño fiscal
_zMéxico
_920483
710 2 _aSecretaría de Estado y del despacho de Hacienda y Crédito Público
_bSección 3ª
_920484
902 _aGFM
942 _2lcc
_cB
999 _c7884
_d7884